000 03260nam a2200217Ia 4500
999 _c37440
_d37440
003 OSt
005 20210406163111.0
008 160316s2012 xxu||||| |||| 00| 0 eng d
020 _a9788132107255
040 _cn
082 _a333.912000
_bPRA
100 _aPrakash, Anjal
245 _aInterlacing water and human health : case studies from South Asia
260 _aNew Delhi
_bSage Publications
_c2012
300 _a470p
_cxxvii
365 _b Rs. 995
505 _aTable of contents Part 1: BACKDROP; Interlacing Water and Health in South Asia: The Problematique - Anjal Prakash, Saravanan S V and Jayati Chourey; Good Evidences, Bad Linkages: A Review of Water and Health in South Asia - Jayati Chourey and Anjal Prakash; Water, Health and Poverty in South Asia: Examining the Interface in India - Amita Shah and Sajitha O G; Part 2: WATER SUPPLY, SANITATION AND HUMAN HEALTH; Madhya Pradesh's Complex Challenges: Undernutrition and Infectious Diseases - Biraj Swain; Inequalities in Access to Safe Drinking Water, Sanitation and Childhood Undernutrition in India - William Joe and Udaya Shankar Mishra; Access to Safe Water and Health: Mortality, Morbidity and Malnutrition in Nepal - L Fitzpatrick et al; Disease Burden Linked to Incomplete Water and Sanitation Coverage in Orissa, India - Aidan A Cronin and Srihari Dutta; Part 3: INTENSIFICATION OF AGRICULTURE, WATER AND HEALTH; Arsenic Contamination, Toxicity and Health Effects: Cases from India and Bangladesh - Nalini Sankararamakrishnan and Leela Iyengar; Arsenic Pollution and Reproductive Health: A Case Study of Murshidabad District in West Bengal - Mohua Guha and Kamla Gupta; Water Quality and Human Health in Mewat: Challenges and Innovative Solutions - Lalit Mohan Sharma, Aravinda Satyavada and Archana Chowdhury; Part 4: RAPID INDUSTRIALISATION, WATER AND HEALTH; Wastewater Use in Vegetable Production and Its Health Impacts: A Case of Faisalabad, Pakistan - Abedullah, Shahzad Kouser and Faisal Abbas; Role of Farmers in Protecting Groundwater in Lower Bhavani River Basin of Tamil Nadu, India - Sacchidananda Mukherjee; Industrial Water Pollution and Health Implications: Emerging Issues from Tiruppur, Textile Town of South India - Prakash Nelliyat; Impact of Mining on Water and Human Health: A Case Study of Baitarani River Ecosystem in Orissa - Sarmistha Pattanaik; Part 5: INCREASING URBANISATION AND WATER AND HEALTH; Wastewater in Sri Lanka: Implications on Human Health - Mohamed Mujithaba Mohamed Najim and Indika Harshani Rajapakshe; Neglected Frontiers: Periurban Water Use and Human Health in the National Capital Region, India - Vishal Narain; Results of Unplanned Programmes: Drinking Water and Sanitation System in Bhaktapur, Nepal - Prachanda Pradhan; Part 6: NATURAL DISASTERS, WATER AND HEALTH; Interrelation between Water, Health and Livelihood in Disasters - Papreen Nahar et al; Health Disasters: Tsunami-induced Public Health Crisis in India - Nibanupudi Hari Krishna and Parnasri Ray Chodhury; Index
650 _a1. Water Supply - Health Aspects - South Asia2. Drinking Water - Health Aspects - South Asia3. Water - Pollution - Water Supply - Sanitary Engineering
700 _aV.S Saravanan
_aChourey Jayati
942 _2ddc
_cBK